[Event "DEM U14w 2021"]
[Site "Willingen GER"]
[Date "2021.08.23"]
[Round "1"]
[White "Stepanjan, Marianne"]
[Black "Trunz, Michelle"]
[Result "0-1"]
[Termination "normal"]
[Board "5"]
[WhiteElo "1392"]
[BlackElo "1714"]
[WhiteClock "00:28:54"]
[BlackClock "00:50:32"]
[PlyCount "68"]
[WhiteFideId "16246110"]
[BlackFideId "16227980"]
[EventCountry "GER"]
[EventRounds "9"]
[EventType "swiss"]
[EventDate "2021.08.22"]

1. e4 {[%clk 01:30:57]} {[%emt 00:00:02]} c5 {[%clk 01:30:52]} {[%emt
00:00:09]} 2. Nf3 {[%clk 01:31:21]} {[%emt 00:00:06]} d6 {[%clk 01:31:10]}
{[%emt 00:00:12]} 3. d4 {[%clk 01:31:45]} {[%emt 00:00:05]} cxd4 {[%clk
01:31:33]} {[%emt 00:00:07]} 4. Nxd4 {[%clk 01:32:07]} {[%emt 00:00:08]} Nf6
{[%clk 01:31:48]} {[%emt 00:00:15]} 5. Nc3 {[%clk 01:32:29]} {[%emt 00:00:07]}
a6 {[%clk 01:32:06]} {[%emt 00:00:14]} 6. Bc4 {[%clk 01:32:49]} {[%emt
00:00:08]} e6 {[%clk 01:32:05]} {[%emt 00:00:32]} 7. Bb3 {[%clk 01:32:29]}
{[%emt 00:00:50]} b5 {[%clk 01:31:41]} {[%emt 00:00:54]} 8. a3 {[%clk
01:32:22]} {[%emt 00:00:37]} Bb7 {[%clk 01:31:52]} {[%emt 00:00:19]} 9. f3
{[%clk 01:31:14]} {[%emt 00:01:39]} Qc7 {[%clk 01:30:52]} {[%emt 00:01:30]} 10.
Be3 {[%clk 01:30:13]} {[%emt 00:01:30]} Nbd7 {[%clk 01:30:58]} {[%emt
00:00:24]} 11. O-O {[%clk 01:29:58]} {[%emt 00:00:45]} Be7 {[%clk 01:30:39]}
{[%emt 00:00:50]} 12. Qd3 {[%clk 01:27:28]} {[%emt 00:02:59]} O-O {[%clk
01:28:55]} {[%emt 00:02:14]} 13. Nde2 {[%clk 01:20:21]} {[%emt 00:07:37]} Nc5
{[%clk 01:28:04]} {[%emt 00:01:22]} 14. Bxc5 {[%clk 01:19:52]} {[%emt
00:00:58]} dxc5 {[%clk 01:28:10]} {[%emt 00:00:25]} 15. Qd2 {[%clk 01:15:11]}
{[%emt 00:05:05]} Rad8 {[%clk 01:26:50]} {[%emt 00:01:55]} 16. Qe1 {[%clk
01:11:32]} {[%emt 00:04:09]} Rd7 {[%clk 01:24:21]} {[%emt 00:02:59]} 17. Ng3
{[%clk 01:07:29]} {[%emt 00:04:32]} Rfd8 {[%clk 01:20:45]} {[%emt 00:04:07]}
18. f4 {[%clk 01:01:04]} {[%emt 00:06:54]} c4 {[%clk 01:20:25]} {[%emt
00:00:51]} 19. Ba2 {[%clk 01:00:23]} {[%emt 00:01:11]} Rd2 {[%clk 01:19:49]}
{[%emt 00:01:06]} 20. Rc1 {[%clk 00:57:39]} {[%emt 00:03:15]} Ng4 {[%clk
01:18:20]} {[%emt 00:01:58]} 21. h3 {[%clk 00:51:20]} {[%emt 00:06:47]} Bc5+
{[%clk 01:16:10]} {[%emt 00:02:42]} 22. Kh1 {[%clk 00:45:55]} {[%emt 00:05:53]}
Bf2 {[%clk 01:14:50]} {[%emt 00:01:52]} 23. Rxf2 {[%emt 00:02:46]} Nxf2+ {[%emt
00:00:15]} 24. Kh2 {[%clk 00:38:18]} {[%emt 00:05:04]} Qxf4 {[%clk 01:09:11]}
{[%emt 00:06:11]} 25. Nce2 {[%clk 00:35:55]} {[%emt 00:02:52]} Rxe2 {[%clk
01:09:11]} {[%emt 00:00:31]} 26. Qxe2 {[%clk 00:35:52]} {[%emt 00:00:30]} Qxc1
{[%clk 01:09:27]} {[%emt 00:00:17]} 27. Qxf2 {[%clk 00:35:27]} {[%emt
00:00:54]} Qxb2 {[%clk 01:04:44]} {[%emt 00:05:13]} 28. Qb6 {[%clk 00:35:10]}
{[%emt 00:00:44]} Rd7 {[%clk 01:02:05]} {[%emt 00:03:13]} 29. Qa7 {[%clk
00:32:22]} {[%emt 00:03:14]} g6 {[%clk 00:55:01]} {[%emt 00:07:37]} 30. Qb8+
{[%clk 00:31:19]} {[%emt 00:01:33]} Kg7 {[%clk 00:55:16]} {[%emt 00:00:16]} 31.
Qf4 {[%clk 00:30:37]} {[%emt 00:01:04]} Qxa2 {[%clk 00:52:27]} {[%emt
00:03:26]} 32. e5 {[%clk 00:30:11]} {[%emt 00:00:56]} Qxc2 {[%clk 00:51:10]}
{[%emt 00:01:47]} 33. Qf6+ {[%clk 00:30:28]} {[%emt 00:00:13]} Kg8 {[%clk
00:50:55]} {[%emt 00:00:43]} 34. Qf1 {[%clk 00:28:54]} {[%emt 00:02:04]} Rd1
{[%clk 00:50:32]} {[%emt 00:00:54]} 0-1

[Event "DEM U14w 2021"]
[Site "Willingen GER"]
[Date "2021.08.23"]
[Round "1"]
[White "Bräutigam, Katerina"]
[Black "Fischer, Juliane"]
[Result "1-0"]
[Termination "normal"]
[Board "6"]
[WhiteElo "1738"]
[BlackElo "1486"]
[WhiteClock "00:16:31"]
[BlackClock "00:23:15"]
[PlyCount "105"]
[WhiteFideId "16242980"]
[BlackFideId "16290135"]
[EventCountry "GER"]
[EventRounds "9"]
[EventType "swiss"]
[EventDate "2021.08.22"]

1. e4 {[%clk 01:30:57]} {[%emt 00:00:02]} c5 {[%clk 01:30:51]} {[%emt
00:00:09]} 2. Nf3 {[%clk 01:31:21]} {[%emt 00:00:06]} g6 {[%clk 01:31:11]}
{[%emt 00:00:10]} 3. d4 {[%clk 01:31:43]} {[%emt 00:00:09]} cxd4 {[%clk
01:31:31]} {[%emt 00:00:09]} 4. Nxd4 {[%clk 01:32:08]} {[%emt 00:00:05]} Bg7
{[%clk 01:31:48]} {[%emt 00:00:12]} 5. c4 {[%clk 01:32:32]} {[%emt 00:00:06]}
Nc6 {[%clk 01:32:03]} {[%emt 00:00:14]} 6. Nc2 {[%clk 01:32:54]} {[%emt
00:00:09]} Nf6 {[%clk 01:31:57]} {[%emt 00:00:37]} 7. Nc3 {[%clk 01:33:12]}
{[%emt 00:00:11]} O-O {[%clk 01:31:21]} {[%emt 00:01:06]} 8. Be2 {[%clk
01:33:25]} {[%emt 00:00:17]} d6 {[%clk 01:31:08]} {[%emt 00:00:42]} 9. Be3
{[%clk 01:33:36]} {[%emt 00:00:18]} Nd7 {[%clk 01:30:03]} {[%emt 00:01:36]} 10.
Qd2 {[%clk 01:33:48]} {[%emt 00:00:18]} a5 {[%clk 01:29:17]} {[%emt 00:01:17]}
11. h4 {[%clk 01:19:45]} {[%emt 00:14:34]} Nc5 {[%clk 01:09:15]} {[%emt
00:20:30]} 12. Bh6 {[%clk 01:15:00]} {[%emt 00:05:16]} f5 {[%clk 00:57:33]}
{[%emt 00:12:12]} 13. h5 {[%clk 00:51:27]} {[%emt 00:24:03]} Rf7 {[%clk
00:34:19]} {[%emt 00:23:43]} 14. hxg6 {[%clk 00:43:09]} {[%emt 00:08:50]} hxg6
{[%clk 00:31:01]} {[%emt 00:03:47]} 15. Qg5 {[%clk 00:30:00]} {[%emt 00:13:39]}
fxe4 {[%clk 00:24:32]} {[%emt 00:07:00]} 16. Qxg6 {[%clk 00:26:35]} {[%emt
00:03:54]} Bf5 {[%clk 00:22:53]} {[%emt 00:02:08]} 17. Qg3 {[%clk 00:11:36]}
{[%emt 00:15:29]} Nd3+ {[%clk 00:18:13]} {[%emt 00:05:11]} 18. Bxd3 {[%clk
00:07:01]} {[%emt 00:05:05]} exd3 {[%clk 00:18:33]} {[%emt 00:00:09]} 19. Ne3
{[%clk 00:07:17]} {[%emt 00:00:14]} Nd4 {[%clk 00:16:31]} {[%emt 00:02:32]} 20.
Rh5 {[%clk 00:04:13]} {[%emt 00:03:35]} Qf8 {[%clk 00:12:16]} {[%emt 00:04:44]}
21. Rg5 {[%clk 00:02:18]} {[%emt 00:02:25]} Kh8 {[%clk 00:06:20]} {[%emt
00:06:27]} 22. Bxg7+ {[%clk 00:01:24]} {[%emt 00:01:25]} Rxg7 {[%clk 00:06:34]}
{[%emt 00:00:14]} 23. Rxg7 {[%clk 00:00:38]} {[%emt 00:01:18]} Qxg7 {[%clk
00:06:13]} {[%emt 00:00:50]} 24. Qxg7+ {[%clk 00:00:41]} {[%emt 00:00:28]} Kxg7
{[%clk 00:06:35]} {[%emt 00:00:06]} 25. Nxf5+ {[%clk 00:01:04]} {[%emt
00:00:07]} Nxf5 {[%clk 00:06:50]} {[%emt 00:00:15]} 26. Kd2 {[%clk 00:01:03]}
{[%emt 00:00:31]} Rh8 {[%clk 00:05:18]} {[%emt 00:02:01]} 27. Ne4 {[%clk
00:00:33]} {[%emt 00:01:01]} Rh5 {[%clk 00:02:02]} {[%emt 00:03:44]} 28. Kxd3
{[%clk 00:00:33]} {[%emt 00:00:33]} Nh6 {[%clk 00:01:42]} {[%emt 00:00:48]} 29.
Rc1 {[%clk 00:00:35]} {[%emt 00:00:29]} b6 {[%clk 00:01:34]} {[%emt 00:00:37]}
30. Rc3 {[%clk 00:00:34]} {[%emt 00:00:31]} b5 {[%clk 00:01:07]} {[%emt
00:00:57]} 31. c5 {[%clk 00:00:36]} {[%emt 00:00:28]} Rd5+ {[%clk 00:00:48]}
{[%emt 00:00:47]} 32. Ke2 {[%clk 00:00:36]} {[%emt 00:00:33]} dxc5 {[%clk
00:00:45]} {[%emt 00:00:34]} 33. Rxc5 {[%clk 00:00:42]} {[%emt 00:00:23]} Rxc5
{[%clk 00:01:03]} {[%emt 00:00:11]} 34. Nxc5 {[%clk 00:01:06]} {[%emt
00:00:06]} Kf6 {[%clk 00:01:00]} {[%emt 00:00:33]} 35. Nb3 {[%clk 00:01:01]}
{[%emt 00:00:36]} a4 {[%clk 00:01:04]} {[%emt 00:00:26]} 36. Nd4 {[%clk
00:01:12]} {[%emt 00:00:18]} b4 {[%clk 00:01:10]} {[%emt 00:00:25]} 37. Nc2
{[%clk 00:00:36]} {[%emt 00:01:07]} b3 {[%clk 00:00:48]} {[%emt 00:00:51]} 38.
axb3 {[%clk 00:01:01]} {[%emt 00:00:06]} axb3 {[%clk 00:01:10]} {[%emt
00:00:07]} 39. Nd4 {[%clk 00:01:23]} {[%emt 00:00:09]} Ke5 {[%clk 00:00:44]}
{[%emt 00:00:54]} 40. Nxb3 {[%clk 00:01:20]} {[%emt 00:00:35]} Nf5 {[%clk
00:00:42]} {[%emt 00:00:31]} 41. g4 {[%clk 00:01:05]} {[%emt 00:00:45]} Nd6
{[%clk 00:00:52]} {[%emt 00:00:20]} 42. Nc5 {[%clk 00:28:11]} {[%emt 00:03:24]}
Kf4 {[%clk 00:30:11]} {[%emt 00:01:09]} 43. f3 {[%clk 00:27:12]} {[%emt
00:01:31]} Nc4 {[%clk 00:27:15]} {[%emt 00:03:25]} 44. b4 {[%clk 00:24:02]}
{[%emt 00:03:41]} Ne5 {[%clk 00:23:54]} {[%emt 00:03:51]} 45. Nd3+ {[%clk
00:15:35]} {[%emt 00:08:58]} Nxd3 {[%clk 00:24:04]} {[%emt 00:00:20]} 46. Kxd3
{[%clk 00:16:00]} {[%emt 00:00:03]} Kxf3 {[%clk 00:24:21]} {[%emt 00:00:13]}
47. Kd4 {[%clk 00:16:15]} {[%emt 00:00:15]} Kf4 {[%clk 00:24:15]} {[%emt
00:00:36]} 48. b5 {[%clk 00:16:17]} {[%emt 00:00:28]} e5+ {[%clk 00:24:33]}
{[%emt 00:00:12]} 49. Kc3 {[%clk 00:15:57]} {[%emt 00:00:52]} Kf3 {[%clk
00:22:33]} {[%emt 00:02:28]} 50. b6 {[%clk 00:16:14]} {[%emt 00:00:13]} e4
{[%clk 00:22:58]} {[%emt 00:00:04]} 51. b7 {[%clk 00:16:35]} {[%emt 00:00:10]}
e3 {[%clk 00:23:22]} {[%emt 00:00:06]} 52. b8=Q {[%clk 00:17:00]} {[%emt
00:00:05]} Ke2 {[%clk 00:23:15]} {[%emt 00:00:36]} 53. Qf4 {[%clk 00:16:31]}
{[%emt 00:00:58]} 1-0

[Event "DEM U14w 2021"]
[Site "Willingen GER"]
[Date "2021.08.23"]
[Round "1"]
[White "Fischer, Darja"]
[Black "Alhassan, Jodi"]
[Result "1-0"]
[Termination "normal"]
[Board "8"]
[WhiteElo "1591"]
[BlackElo "1243"]
[WhiteClock "00:43:23"]
[BlackClock "00:01:40"]
[PlyCount "71"]
[WhiteFideId "16240898"]
[BlackFideId "16250460"]
[EventCountry "GER"]
[EventRounds "9"]
[EventType "swiss"]
[EventDate "2021.08.22"]

1. d4 {[%clk 01:30:57]} {[%emt 00:00:01]} d5 {[%clk 01:30:43]} {[%emt
00:00:17]} 2. c4 {[%clk 01:31:23]} {[%emt 00:00:05]} e6 {[%clk 01:31:05]}
{[%emt 00:00:07]} 3. Nc3 {[%clk 01:31:49]} {[%emt 00:00:05]} c6 {[%clk
01:31:11]} {[%emt 00:00:24]} 4. cxd5 {[%clk 01:31:53]} {[%emt 00:00:25]} exd5
{[%clk 01:30:44]} {[%emt 00:00:57]} 5. Qc2 {[%clk 01:32:09]} {[%emt 00:00:14]}
Nf6 {[%clk 01:30:30]} {[%emt 00:00:44]} 6. Nf3 {[%clk 01:31:49]} {[%emt
00:00:51]} Nbd7 {[%clk 01:29:34]} {[%emt 00:01:27]} 7. Bg5 {[%clk 01:31:23]}
{[%emt 00:00:55]} Qa5 {[%clk 01:25:49]} {[%emt 00:04:14]} 8. e3 {[%clk
01:27:53]} {[%emt 00:04:00]} Bb4 {[%clk 01:19:06]} {[%emt 00:07:13]} 9. Bd3
{[%clk 01:26:46]} {[%emt 00:01:37]} O-O {[%clk 01:09:31]} {[%emt 00:10:05]} 10.
O-O {[%clk 01:26:28]} {[%emt 00:00:49]} Bxc3 {[%clk 00:53:31]} {[%emt
00:16:29]} 11. bxc3 {[%clk 01:24:52]} {[%emt 00:02:06]} Ne4 {[%clk 00:46:39]}
{[%emt 00:07:23]} 12. Bh4 {[%clk 01:09:04]} {[%emt 00:16:17]} h6 {[%clk
00:31:37]} {[%emt 00:15:32]} 13. c4 {[%clk 01:05:39]} {[%emt 00:03:55]} Re8
{[%clk 00:28:45]} {[%emt 00:03:21]} 14. Rab1 {[%clk 00:58:43]} {[%emt
00:07:28]} b6 {[%clk 00:18:02]} {[%emt 00:11:13]} 15. cxd5 {[%clk 00:57:02]}
{[%emt 00:02:11]} Qxd5 {[%clk 00:15:15]} {[%emt 00:03:17]} 16. Ne5 {[%clk
00:55:27]} {[%emt 00:02:05]} Ndf6 {[%clk 00:12:24]} {[%emt 00:03:21]} 17. Bc4
{[%clk 00:53:48]} {[%emt 00:02:08]} Qd8 {[%clk 00:07:33]} {[%emt 00:05:21]} 18.
Nxf7 {[%clk 00:51:17]} {[%emt 00:03:02]} Qe7 {[%clk 00:04:14]} {[%emt
00:03:49]} 19. Nd6+ {[%clk 00:49:45]} {[%emt 00:02:01]} Kf8 {[%clk 00:04:03]}
{[%emt 00:00:41]} 20. Nxe8 {[%clk 00:47:51]} {[%emt 00:02:25]} Qxe8 {[%clk
00:04:02]} {[%emt 00:00:31]} 21. f3 {[%clk 00:45:32]} {[%emt 00:02:48]} Ng5
{[%clk 00:01:49]} {[%emt 00:02:43]} 22. Bxg5 {[%clk 00:43:38]} {[%emt
00:02:26]} hxg5 {[%clk 00:02:08]} {[%emt 00:00:09]} 23. e4 {[%clk 00:43:45]}
{[%emt 00:00:24]} b5 {[%clk 00:01:54]} {[%emt 00:00:44]} 24. Bb3 {[%clk
00:43:37]} {[%emt 00:00:38]} Be6 {[%clk 00:01:19]} {[%emt 00:01:05]} 25. Qc5+
{[%clk 00:43:21]} {[%emt 00:00:46]} Kg8 {[%clk 00:00:53]} {[%emt 00:00:57]} 26.
Bxe6+ {[%clk 00:43:27]} {[%emt 00:00:24]} Qxe6 {[%clk 00:01:09]} {[%emt
00:00:13]} 27. Rbc1 {[%clk 00:43:42]} {[%emt 00:00:15]} Rd8 {[%clk 00:00:59]}
{[%emt 00:00:40]} 28. Rfd1 {[%clk 00:43:18]} {[%emt 00:00:54]} Rd6 {[%clk
00:01:10]} {[%emt 00:00:19]} 29. e5 {[%clk 00:42:31]} {[%emt 00:01:17]} Rd5
{[%clk 00:01:31]} {[%emt 00:00:09]} 30. Qxc6 {[%clk 00:42:57]} {[%emt
00:00:04]} Qxc6 {[%clk 00:01:51]} {[%emt 00:00:09]} 31. Rxc6 {[%clk 00:43:18]}
{[%emt 00:00:09]} Ne8 {[%clk 00:01:51]} {[%emt 00:00:31]} 32. Kf2 {[%clk
00:43:17]} {[%emt 00:00:30]} Kf7 {[%clk 00:02:06]} {[%emt 00:00:15]} 33. Ke3
{[%clk 00:43:30]} {[%emt 00:00:18]} Ke7 {[%clk 00:02:10]} {[%emt 00:00:27]} 34.
Ke4 {[%clk 00:43:35]} {[%emt 00:00:24]} Rd7 {[%clk 00:02:05]} {[%emt 00:00:35]}
35. d5 {[%clk 00:43:24]} {[%emt 00:00:40]} a5 {[%clk 00:01:40]} {[%emt
00:00:56]} 36. Kf5 {[%clk 00:43:23]} {[%emt 00:00:31]} 1-0

[Event "DEM U14w 2021"]
[Site "Willingen GER"]
[Date "2021.08.23"]
[Round "1"]
[White "Hellenbroich, Helene"]
[Black "Hubert, Charlotte"]
[Result "0-1"]
[Termination "normal"]
[Board "9"]
[WhiteElo "1378"]
[BlackElo "1545"]
[WhiteClock "00:06:49"]
[BlackClock "00:02:00"]
[PlyCount "72"]
[WhiteFideId "16270754"]
[BlackFideId "16265920"]
[EventCountry "GER"]
[EventRounds "9"]
[EventType "swiss"]
[EventDate "2021.08.22"]

1. e4 {[%clk 01:30:54]} {[%emt 00:00:05]} c5 {[%clk 01:30:52]} {[%emt
00:00:09]} 2. Nc3 {[%clk 01:31:12]} {[%emt 00:00:13]} d6 {[%clk 01:31:12]}
{[%emt 00:00:09]} 3. g3 {[%clk 01:31:13]} {[%emt 00:00:30]} g6 {[%clk
01:31:29]} {[%emt 00:00:13]} 4. d3 {[%clk 01:29:46]} {[%emt 00:01:56]} Bg7
{[%clk 01:30:41]} {[%emt 00:01:19]} 5. Bd2 {[%clk 01:27:44]} {[%emt 00:02:33]}
Nc6 {[%clk 01:29:35]} {[%emt 00:01:36]} 6. Bg2 {[%clk 01:27:12]} {[%emt
00:01:02]} e6 {[%clk 01:28:15]} {[%emt 00:01:50]} 7. f4 {[%clk 01:24:37]}
{[%emt 00:03:05]} Nge7 {[%clk 01:28:13]} {[%emt 00:00:31]} 8. Nf3 {[%clk
01:24:41]} {[%emt 00:00:26]} a6 {[%clk 01:22:11]} {[%emt 00:06:33]} 9. Rb1
{[%clk 01:22:39]} {[%emt 00:02:32]} O-O {[%clk 01:18:30]} {[%emt 00:04:10]} 10.
Ne2 {[%clk 01:19:38]} {[%emt 00:03:32]} d5 {[%clk 01:10:02]} {[%emt 00:08:57]}
11. c3 {[%clk 01:12:31]} {[%emt 00:07:38]} c4 {[%clk 01:00:12]} {[%emt
00:10:19]} 12. e5 {[%clk 01:01:44]} {[%emt 00:11:17]} b5 {[%clk 00:47:27]}
{[%emt 00:13:15]} 13. d4 {[%clk 00:59:06]} {[%emt 00:03:08]} a5 {[%clk
00:46:13]} {[%emt 00:01:43]} 14. Kf2 {[%clk 00:53:09]} {[%emt 00:06:27]} b4
{[%clk 00:38:33]} {[%emt 00:08:11]} 15. Qe1 {[%clk 00:44:42]} {[%emt 00:08:57]}
Qb6 {[%clk 00:36:47]} {[%emt 00:02:16]} 16. b3 {[%clk 00:40:42]} {[%emt
00:04:29]} bxc3 {[%clk 00:28:47]} {[%emt 00:08:29]} 17. bxc4 {[%clk 00:39:48]}
{[%emt 00:01:25]} cxd2 {[%clk 00:29:06]} {[%emt 00:00:11]} 18. Qxd2 {[%clk
00:38:41]} {[%emt 00:01:36]} Qa6 {[%clk 00:25:41]} {[%emt 00:03:54]} 19. cxd5
{[%clk 00:37:13]} {[%emt 00:01:58]} Nxd5 {[%clk 00:24:19]} {[%emt 00:01:52]}
20. Ng5 {[%clk 00:36:04]} {[%emt 00:01:39]} Nce7 {[%clk 00:19:00]} {[%emt
00:05:48]} 21. Ne4 {[%clk 00:32:25]} {[%emt 00:04:10]} a4 {[%clk 00:12:40]}
{[%emt 00:06:51]} 22. Nf6+ {[%clk 00:28:19]} {[%emt 00:04:35]} Kh8 {[%clk
00:12:01]} {[%emt 00:01:09]} 23. h4 {[%clk 00:25:43]} {[%emt 00:03:07]} Ra7
{[%clk 00:10:59]} {[%emt 00:01:32]} 24. Nxh7 {[%clk 00:20:16]} {[%emt
00:05:56]} Kxh7 {[%clk 00:10:37]} {[%emt 00:00:52]} 25. h5 {[%clk 00:20:20]}
{[%emt 00:00:25]} Kg8 {[%clk 00:09:44]} {[%emt 00:01:23]} 26. h6 {[%clk
00:20:02]} {[%emt 00:00:49]} Bh8 {[%clk 00:07:10]} {[%emt 00:03:04]} 27. f5
{[%clk 00:17:17]} {[%emt 00:03:15]} Kh7 {[%clk 00:04:52]} {[%emt 00:02:48]} 28.
fxg6+ {[%clk 00:14:57]} {[%emt 00:02:49]} fxg6+ {[%clk 00:03:56]} {[%emt
00:01:26]} 29. Nf4 {[%clk 00:14:25]} {[%emt 00:01:02]} Nxf4 {[%clk 00:03:28]}
{[%emt 00:00:59]} 30. gxf4 {[%clk 00:14:45]} {[%emt 00:00:11]} Nd5 {[%clk
00:03:18]} {[%emt 00:00:40]} 31. Bxd5 {[%clk 00:07:33]} {[%emt 00:07:42]} exd5
{[%clk 00:03:37]} {[%emt 00:00:10]} 32. Rb8 {[%clk 00:07:24]} {[%emt 00:00:40]}
Rb7 {[%clk 00:02:23]} {[%emt 00:01:44]} 33. Rb1 {[%clk 00:06:59]} {[%emt
00:00:55]} Rxb1 {[%clk 00:02:20]} {[%emt 00:00:32]} 34. Rxb1 {[%clk 00:07:24]}
{[%emt 00:00:05]} Qe6 {[%clk 00:01:38]} {[%emt 00:01:12]} 35. Qc2 {[%clk
00:07:00]} {[%emt 00:00:54]} Rxf4+ {[%clk 00:01:38]} {[%emt 00:00:29]} 36. Ke3
{[%clk 00:06:49]} {[%emt 00:00:42]} Re4+ {[%clk 00:02:00]} {[%emt 00:00:08]}
0-1